Welcome to the Holygrace Academy Library

Please use search bar below to get started

THE BARMY BRITISH EMPIRE (Record no. 8773)

MARC details
000 -LEADER
fixed length control field 00301nam a22001217a 4500
082 ## - DEWEY DECIMAL CLASSIFICATION NUMBER
Classification number 823
Item number DEA/B
100 ## - MAIN ENTRY--AUTHOR NAME
Personal name DEARY, TERRY
245 ## - TITLE STATEMENT
Title THE BARMY BRITISH EMPIRE
246 ## - VARYING FORM OF TITLE
Title proper/short title THE BARMY BRITISH EMPIRE
Remainder of title THE BARMY BRITISH EMPIRE
260 ## - PUBLICATION, DISTRIBUTION, ETC. (IMPRINT)
Place of publication LONDON
Name of publisher ENGLISH PEOPLE
Year of publication 2002
300 ## - PHYSICAL DESCRIPTION
Number of Pages 127
942 ## - ADDED ENTRY ELEMENTS (KOHA)
Koha item type Books
Holdings
Withdrawn status Lost status Collection code Home library Current library Shelving location Date acquired Source of acquisition Cost, normal purchase price Full call number Accession Number Koha item type
    Fiction Main Library Main Library SHELF 4-C HORRIBLE HISTORIES 23/07/2024 PURCHASED 60.00 823 DEA/B 08245 Books